French Regions by Department - Statistics

General Stats
  • This quiz has been taken 259 times
  • The average score is 8 of 13
Answer Stats
Hint Answer % Correct
Haute-Corse, Corse-du-Sud Corsica
80%
Essonne, Hauts-de-Seine, Paris, Seine-Saint-Denis, Saint-et-Marne, Val-d'Oise, Val-de-Marne, Yvelines Île-de-France
80%
Aisne, Nord, Oise, Pas-de-Calais, Somme Hauts-de-France
70%
Ardennes, Aube, Bas-Rhin, Haut-Rhin, Haute-Marne, Marne, Meurthe-et-Moselle, Meuse, Moselle, Vosges Grand Est
67%
Alpes-Maritimes, Alpes-de-Haute-Provence, Bouches-du-Rhône, Hautes-Alpes, Var, Vaucluse Provence-Alpes-Côte d'Azur
67%
Ain, Allier, Ardèche, Cantal, Drôme, Haute-Loire, Haute-Savoie, Isère, Loire, Lyon Metropolis, Puy-du-Dôme, Rhône, Savoie Auvergne-Rhône-Alpes
64%
Côtes-d'Armor, Finistère, Ille-et-Vilaine, Morbihan Brittany
63%
Cher, Eure-et-Loir, Indre, Indre-et-Loire, Loir-et-Cher, Loiret Centre-Val de Loire
59%
Loire-Atlantique, Maine-et-Loire, Mayenne, Sarthe, Vendée Pays de la Loire
59%
Côte-d'Or, Doubs, Haute-Saône, Jura, Nièvre, Saône-et-Loire, Territoire de Belfort, Yonne Bourgogne-Franche-Comté
57%
Charente, Charente-Maritime, Corrèze, Creuse, Deux-Sèvres, Dordogne, Gironde, Haute-Vienne, Landes, Lot-et-Garonne, Pyrénées-Atlantiques, Vienne Nouvelle-Aquitaine
57%
Calvados, Eure, Manche, Orne, Seine-Maritime Normandy
54%
Ariège, Aude, Aveyron, Gard, Gers, Haute-Garonne, Haute-Pyrénées, Hérault, Lot, Lozère, Pyrénées-Orientales, Tarn, Tarn-et-Garonne Occitania
51%
No matching quizzes found
Score Distribution
Percent of People with Each Score
Percentile by Number Answered
Your Score History
You have not taken this quiz